Report (Record no. 992241)

MARC details
000 -LEADER
fixed length control field 00680nam a2200253Ia 4500
003 - CONTROL NUMBER IDENTIFIER
control field OSt
005 - DATE AND TIME OF LATEST TRANSACTION
control field 20221005084242.0
008 - FIXED-LENGTH DATA ELEMENTS--GENERAL INFORMATION
fixed length control field 221004b |||||||| |||| 00| 0 eng d
037 ## - SOURCE OF ACQUISITION
Terms of availability Textual
040 ## - CATALOGING SOURCE
Original cataloging agency CRL
Transcribing agency CRL
Language of cataloging eng
041 ## - LANGUAGE CODE
Source of code eng
Language code of text/sound track or separate title eng
100 ## - MAIN ENTRY--PERSONAL NAME
Personal name Patterson Gardner
245 #0 - TITLE STATEMENT
Title Report
Remainder of title NATO
260 ## - PUBLICATION, DISTRIBUTION, ETC.
Place of publication, distribution, etc. New Jersey
Name of publisher, distributor, etc. Princeton University Conference on Nato USA
Date of publication, distribution, etc. 1957
300 ## - PHYSICAL DESCRIPTION
Extent 107p.
Dimensions cm.
650 ## - SUBJECT ADDED ENTRY--TOPICAL TERM
Topical term or geographic name entry element HISTORY
700 ## - ADDED ENTRY--PERSONAL NAME
Personal name Furniss Edgar S.
942 ## - ADDED ENTRY ELEMENTS (KOHA)
Classification part V1.N49, J7
Koha item type Textual
Source of classification or shelving scheme
Holdings
Withdrawn status Lost status Damaged status Not for loan Home library Current library Date acquired Total Checkouts Full call number Barcode Date last seen Price effective from Koha item type
        Central Library Central Library 2022-10-05   V1.N49 J7 CL1233476 2022-10-05 2022-10-05 Textual
Copyright @ Delhi University Library System